[Event "4th Int. Chess Festival ad Gredine Open "]
[Site "Ortisei - St. Ulrich"]
[Date "2018.06.22"]
[Round "7"]
[White "Borgo, Giulio"]
[Black "Pruijssers, Roeland"]
[Result "0-1"]
[WhiteElo "2397"]
[BlackElo "2514"]
[PlyCount "82"]
[EventDate "2018.06.16"]

1. e4 d5 2. exd5 Qxd5 3. Nc3 Qa5 4. d4 Nf6 5. Bc4 Bg4 6. Nge2 e6 7. Bd2 Qb6 8.
O-O Nbd7 9. Be3 c6 10. h3 Bxe2 11. Qxe2 Qxb2 12. Qd3 Qa3 13. Rab1 b5 14. Bb3 a5
15. Bc1 Qd6 16. a4 b4 17. Ne2 Qc7 18. f4 Bd6 19. f5 e5 20. g4 h6 21. Qf3 O-O
22. h4 exd4 23. g5 hxg5 24. hxg5 Nd5 25. Kg2 Be5 26. Rh1 Rfe8 27. Bd2 g6 28.
Rbf1 gxf5 29. Qh5 Nf8 30. Rxf5 Bg7 31. Ng3 Re6 32. Rxd5 cxd5 33. Nf5 Qe5 34.
Nxg7 Qxg7 35. Bxd5 Rc8 36. Bxe6 Nxe6 37. Re1 Qh7 38. Qg4 Rxc2 39. Re2 Qd3 40.
g6 Qxe2+ 41. Qxe2 Nf4+ 0-1

[Event "4th Int. Chess Festival ad Gredine Open "]
[Site "Ortisei - St. Ulrich"]
[Date "2018.06.22"]
[Round "7"]
[White "Hecht, Hans-Joachim"]
[Black "Kindermann, Stefan"]
[Result "1/2-1/2"]
[WhiteElo "2327"]
[BlackElo "2506"]
[PlyCount "40"]
[EventDate "2018.06.16"]

1. Nf3 f5 2. g3 Nf6 3. Bg2 g6 4. c4 Bg7 5. Nc3 O-O 6. O-O d6 7. d3 Nc6 8. Rb1
a5 9. a3 Nh5 10. d4 f4 11. d5 Ne5 12. Nxe5 Bxe5 13. Qd3 Bf5 14. Be4 Bh3 15. Bg2
Qd7 16. Bd2 Bf5 17. Be4 Bh3 18. Bg2 Bf5 19. Be4 Bh3 20. Bg2 Bf5 1/2-1/2

[Event "4th Int. Chess Festival ad Gredine Open "]
[Site "Ortisei - St. Ulrich"]
[Date "2018.06.22"]
[Round "7"]
[White "Gholami, Aryan"]
[Black "Vaishali, R."]
[Result "0-1"]
[WhiteElo "2490"]
[BlackElo "2310"]
[PlyCount "118"]
[EventDate "2018.06.16"]

1. d4 Nf6 2. Bf4 d5 3. e3 c5 4. Nd2 Nc6 5. Ngf3 cxd4 6. exd4 Bf5 7. c3 e6 8.
Qb3 Bd6 9. Bxd6 Qxd6 10. Be2 O-O 11. O-O Ne4 12. Nxe4 Bxe4 13. Nd2 Bg6 14. Rfe1
Rfc8 15. h4 Qf4 16. Nf3 Bh5 17. Qxb7 Rab8 18. Qa6 Bxf3 19. Bxf3 Qxh4 20. Re2
Qd8 21. Rae1 Qa5 22. Qxa5 Nxa5 23. b3 g6 24. Rc2 Nc6 25. Rec1 Rc7 26. Be2 a5
27. f3 h5 28. Kf2 Kf8 29. Ke3 Ke7 30. f4 Rbc8 31. Bd3 Kd6 32. a3 Ne7 33. c4
Nf5+ 34. Bxf5 gxf5 35. c5+ Kc6 36. Rb1 Rb7 37. Rcb2 Rg8 38. b4 axb4 39. axb4
Rgb8 40. Kd3 Rb5 41. Kc3 Rg8 42. Rd1 Rb7 43. Rd3 Ra8 44. Rg3 Kb5 45. Rg7 h4 46.
Rb3 Rba7 47. Kd3 Ra2 48. Kc3 R2a7 49. Rb2 Ra3+ 50. Kc2 h3 51. gxh3 Rxh3 52.
Rxf7 Kc4 53. Rg7 Rh2+ 54. Kb1 Rh1+ 55. Kc2 Raa1 56. Rg2 Rhd1 57. Rb3 Rdc1+ 58.
Kb2 Rcb1+ 59. Kc2 Rxb3 0-1

[Event "4th Int. Chess Festival ad Gredine Open "]
[Site "Ortisei - St. Ulrich"]
[Date "2018.06.22"]
[Round "7"]
[White "Jaracz, Pawel"]
[Black "Seyb, Dieter"]
[Result "1-0"]
[WhiteElo "2467"]
[BlackElo "2179"]
[PlyCount "55"]
[EventDate "2018.06.16"]

1. Nf3 b6 2. e4 Bb7 3. Nc3 e6 4. d4 Bb4 5. Bd3 Nf6 6. Qe2 d5 7. e5 Ne4 8. Bd2
Bxc3 9. bxc3 c5 10. O-O h6 11. Qe3 O-O 12. dxc5 Nd7 13. cxb6 axb6 14. c4 Nxd2
15. Nxd2 Nc5 16. Rfb1 Ra3 17. Bh7+ Kxh7 18. Qxa3 dxc4 19. Qe3 Qd5 20. f3 Nd7
21. a4 Bc6 22. Qe4+ Qxe4 23. Nxe4 Rb8 24. a5 b5 25. a6 Nxe5 26. Nd6 b4 27. a7
Rd8 28. Ra6 1-0

[Event "4th Int. Chess Festival ad Gredine Open "]
[Site "Ortisei - St. Ulrich"]
[Date "2018.06.22"]
[Round "7"]
[White "Wiesinger, Robert"]
[Black "Solomon, Kenny"]
[Result "1-0"]
[WhiteElo "2199"]
[BlackElo "2419"]
[PlyCount "81"]
[EventDate "2018.06.16"]

1. e4 e5 2. Nf3 Nc6 3. d4 exd4 4. Nxd4 Nf6 5. Nxc6 bxc6 6. e5 Qe7 7. Qe2 Nd5 8.
c4 Nb6 9. Nc3 a5 10. Qe4 g6 11. f4 Bg7 12. Be3 Qb4 13. O-O-O Rb8 14. a3 Qb3 15.
Qc2 Qxc2+ 16. Kxc2 d6 17. Bxb6 Rxb6 18. c5 dxc5 19. Rd2 Bg4 20. Na4 Rb8 21.
Nxc5 g5 22. g3 Bh6 23. Rd4 gxf4 24. gxf4 Ke7 25. Rg1 Bf5+ 26. Bd3 Bxd3+ 27.
Nxd3 Rhg8 28. Rxg8 Rxg8 29. Ra4 Rg2+ 30. Kc3 Rxh2 31. Rxa5 Rh1 32. Ra7 Kd8 33.
Kd4 Rd1 34. Ke4 Bg7 35. Ra8+ Ke7 36. Rc8 Kd7 37. Rg8 Rg1 38. f5 Rg4+ 39. Kf3
Rg5 40. Nc5+ Ke7 41. f6+ 1-0

[Event "4th Int. Chess Festival ad Gredine Open "]
[Site "Ortisei - St. Ulrich"]
[Date "2018.06.22"]
[Round "7"]
[White "Arne, Mike"]
[Black "Tan, Justin"]
[Result "0-1"]
[WhiteElo "2181"]
[BlackElo "2484"]
[PlyCount "62"]
[EventDate "2018.06.16"]

1. e4 e6 2. d4 d5 3. e5 c5 4. c3 Nc6 5. Nf3 Bd7 6. Be2 Nge7 7. O-O Rc8 8. Nbd2
cxd4 9. cxd4 Nf5 10. Nb3 Be7 11. Be3 O-O 12. g4 Nxe3 13. fxe3 f6 14. exf6 Rxf6
15. Rc1 b6 16. g5 Rf8 17. h4 Bd6 18. Bd3 Qe8 19. g6 h6 20. Ng5 Rxf1+ 21. Kxf1
hxg5 22. Qh5 Ne7 23. Qh7+ Kf8 24. Qh8+ Ng8 25. Rd1 Bb5 26. Bxb5 Qxb5+ 27. Kg1
Bh2+ 28. Kh1 Qe2 29. Rd2 Rc1+ 30. Nxc1 Qxd2 31. Nd3 Bg3 0-1

[Event "4th Int. Chess Festival ad Gredine Open "]
[Site "Ortisei - St. Ulrich"]
[Date "2018.06.22"]
[Round "7"]
[White "Wenner, Tobias"]
[Black "Fehr, Axel"]
[Result "0-1"]
[WhiteElo "2161"]
[BlackElo "2008"]
[PlyCount "52"]
[EventDate "2018.06.16"]

1. Nf3 c5 2. g3 g6 3. Bg2 Bg7 4. O-O Nc6 5. d3 e5 6. Nbd2 Nge7 7. c3 O-O 8. a3
d5 9. Qc2 h6 10. Rb1 a5 11. a4 Be6 12. Re1 f5 13. e4 dxe4 14. dxe4 f4 15. Rd1
Qe8 16. b3 g5 17. Nc4 Bg4 18. Rd3 Qh5 19. gxf4 exf4 20. Ba3 Bxf3 21. Bxf3 g4
22. Bg2 f3 23. Bf1 Ne5 24. Nxe5 Bxe5 25. h3 gxh3 26. Kh1 Qg4 0-1

[Event "4th Int. Chess Festival ad Gredine Open "]
[Site "Ortisei - St. Ulrich"]
[Date "2018.06.22"]
[Round "7"]
[White "Uhl, Michael"]
[Black "Mazibuko, Khanya"]
[Result "1/2-1/2"]
[WhiteElo "2116"]
[BlackElo "1850"]
[PlyCount "35"]
[EventDate "2018.06.16"]

1. e4 e5 2. Nf3 Nc6 3. Nc3 Nf6 4. d4 exd4 5. Nxd4 Bb4 6. Nxc6 bxc6 7. Bd3 d5 8.
exd5 O-O 9. O-O cxd5 10. Bg5 c6 11. Qf3 Bd6 12. Rfe1 Rb8 13. Rab1 Rb4 14. h3
Be6 15. a3 Rb8 16. Ne2 Be5 17. Bf4 Bxf4 18. Nxf4 1/2-1/2

[Event "4th Int. Chess Festival ad Gredine Open "]
[Site "Ortisei - St. Ulrich"]
[Date "2018.06.22"]
[Round "7"]
[White "Hansson, Hakan"]
[Black "Karl, Hans"]
[Result "1/2-1/2"]
[WhiteElo "1978"]
[BlackElo "2078"]
[PlyCount "34"]
[EventDate "2018.06.16"]

1. d4 Nf6 2. c4 g6 3. Nc3 Bg7 4. e4 d6 5. f3 O-O 6. Be3 e5 7. d5 Nh5 8. g4 Nf4
9. Nge2 Nxe2 10. Bxe2 f5 11. gxf5 gxf5 12. exf5 Bxf5 13. Qd2 Qh4+ 14. Bf2 Qf4
15. Be3 Qh4+ 16. Bf2 Qf4 17. Be3 Qh4+ 1/2-1/2

[Event "4th Int. Chess Festival ad Gredine Open "]
[Site "Ortisei - St. Ulrich"]
[Date "2018.06.22"]
[Round "7"]
[White "Pojer, Romeo"]
[Black "Van Geldorp, Marc"]
[Result "1-0"]
[WhiteElo "2070"]
[BlackElo "1973"]
[PlyCount "49"]
[EventDate "2018.06.16"]

1. e4 e6 2. d4 d5 3. Nc3 Bb4 4. Nge2 Nc6 5. Be3 dxe4 6. a3 Bxc3+ 7. Nxc3 Nge7
8. Qg4 e5 9. Qxg7 Rg8 10. Qxh7 Bf5 11. Qh4 exd4 12. O-O-O Ng6 13. Qh5 Nge7 14.
Bc4 Bg6 15. Qh4 Nf5 16. Qxe4+ Kf8 17. Bf4 Qf6 18. Nd5 Qg7 19. Nxc7 Rd8 20. Rhe1
Qh7 21. Qe2 Bh5 22. f3 Nh4 23. g4 Nxf3 24. gxh5 Nxe1 25. Rxe1 1-0

[Event "4th Int. Chess Festival ad Gredine Open "]
[Site "Ortisei - St. Ulrich"]
[Date "2018.06.22"]
[Round "7"]
[White "Bianco, Valerio"]
[Black "Neumann, Han H.W.M"]
[Result "1/2-1/2"]
[WhiteElo "2038"]
[BlackElo "2055"]
[PlyCount "42"]
[EventDate "2018.06.16"]

1. e4 d6 2. d4 Nf6 3. Nc3 g6 4. f3 c6 5. Be3 b5 6. g4 Qc7 7. Qd2 h5 8. g5 Nfd7
9. Bg2 Nb6 10. b3 Bg7 11. Rd1 N8d7 12. Nh3 b4 13. Ne2 a5 14. O-O d5 15. Nf2 O-O
16. Bf4 Qa7 17. Kh1 Ba6 18. Nd3 Rfd8 19. Qe1 Rac8 20. Be3 Qb8 21. Bf4 Qa7
1/2-1/2

[Event "4th Int. Chess Festival ad Gredine Open "]
[Site "Ortisei - St. Ulrich"]
[Date "2018.06.22"]
[Round "7"]
[White "Kostov, Deyan Samuil"]
[Black "Niederstaetter, Harald"]
[Result "1-0"]
[WhiteElo "1894"]
[BlackElo "1996"]
[PlyCount "42"]
[EventDate "2018.06.16"]

1. d4 d6 2. e4 Nf6 3. Nc3 e5 4. Nf3 Nbd7 5. Bc4 Be7 6. O-O c6 7. a4 a5 8. Qe2
Qc7 9. Rd1 h6 10. h3 Nf8 11. Be3 g5 12. dxe5 dxe5 13. Nxe5 Qxe5 14. Bd4 Qb8 15.
e5 Nd5 16. Nxd5 cxd5 17. Bb5+ Bd7 18. e6 Rh7 19. exd7+ Nxd7 20. Bf6 Qd6 21.
Bxd7+ Qxd7 1-0

[Event "4th Int. Chess Festival ad Gredine Open "]
[Site "Ortisei - St. Ulrich"]
[Date "2018.06.23"]
[Round "8"]
[White "Saric, Ivan"]
[Black "Santos Latasa, Jaime"]
[Result "1-0"]
[WhiteElo "2685"]
[BlackElo "2567"]
[PlyCount "65"]
[EventDate "2018.06.16"]

1. e4 c5 2. Nf3 d6 3. d4 cxd4 4. Nxd4 Nf6 5. Nc3 a6 6. h3 Nc6 7. g4 g6 8. Be3
Nxd4 9. Bxd4 Bh6 10. Qe2 O-O 11. Bg2 Bf4 12. O-O Be6 13. Nd5 Bxd5 14. exd5 Nd7
15. Rae1 Be5 16. Bxe5 dxe5 17. f4 Qb6+ 18. Kh1 f6 19. c4 Qd6 20. g5 Rf7 21. b4
b6 22. fxe5 Nxe5 23. c5 bxc5 24. bxc5 Qxc5 25. d6 Re8 26. dxe7 Nd7 27. Qxa6 Kg7
28. Qc6 Qxc6 29. Bxc6 Rexe7 30. Bd5 fxg5 31. Rxf7+ Rxf7 32. Bxf7 Kxf7 33. a4
1-0

[Event "4th Int. Chess Festival ad Gredine Open "]
[Site "Ortisei - St. Ulrich"]
[Date "2018.06.23"]
[Round "8"]
[White "Praggnanandhaa, R."]
[Black "Moroni, Luca Jr"]
[Result "1-0"]
[WhiteElo "2529"]
[BlackElo "2549"]
[PlyCount "65"]
[EventDate "2018.06.16"]

1. e4 e5 2. Nf3 Nc6 3. Bb5 Nge7 4. c3 g6 5. d4 exd4 6. cxd4 Bg7 7. d5 a6 8. Be2
Ne5 9. Nxe5 Bxe5 10. Nc3 d6 11. O-O c5 12. dxc6 bxc6 13. Bh6 d5 14. Qd3 Be6 15.
f4 Qb6+ 16. Kh1 dxe4 17. Nxe4 Rd8 18. Qa3 Bd4 19. Bg5 c5 20. Nf6+ Bxf6 21. Bxf6
Rg8 22. Rad1 Rxd1 23. Rxd1 Nd5 24. Bh4 Kf8 25. Bf3 Qb5 26. Bxd5 Bxd5 27. Qe3 g5
28. Bxg5 Qc6 29. Qe7+ Kg7 30. Qe5+ f6 31. Qxd5 Qxd5 32. Rxd5 fxg5 33. Rxg5+ 1-0

[Event "4th Int. Chess Festival ad Gredine Open "]
[Site "Ortisei - St. Ulrich"]
[Date "2018.06.23"]
[Round "8"]
[White "Vocaturo, Daniele"]
[Black "Vaishali, R."]
[Result "1/2-1/2"]
[WhiteElo "2608"]
[BlackElo "2310"]
[PlyCount "92"]
[EventDate "2018.06.16"]

1. e4 c5 2. Nf3 d6 3. Bb5+ Nd7 4. O-O a6 5. Bd3 Ngf6 6. Re1 e5 7. a4 b6 8. Bc4
h6 9. c3 g6 10. d4 Qe7 11. b4 Bg7 12. bxc5 bxc5 13. dxe5 Nxe5 14. Nxe5 dxe5 15.
f3 O-O 16. Be3 Nh5 17. Nd2 Rd8 18. Qc2 Be6 19. Bxe6 Qxe6 20. Bxc5 Rac8 21. Be3
Nf4 22. Rab1 Qc6 23. c4 Bf8 24. Rb6 Qd7 25. Nf1 Bc5 26. Rbb1 Qa7 27. Rb3 Rc7
28. g3 Ne6 29. Qf2 Bd4 30. Bxd4 Rxd4 31. Reb1 Rdxc4 32. Qxa7 Rxa7 33. Rb4 Rc3
34. R1b3 Rac7 35. Rxc3 Rxc3 36. Kf2 Rc2+ 37. Ke3 Rc3+ 38. Kf2 Rc2+ 39. Ke3 Nd4
40. f4 Re2+ 41. Kd3 Ra2 42. Nd2 Ra3+ 43. Kc4 Ra2 44. Kd3 Ra3+ 45. Kc4 Ra2 46.
Kd3 Ra3+ 1/2-1/2

[Event "4th Int. Chess Festival ad Gredine Open "]
[Site "Ortisei - St. Ulrich"]
[Date "2018.06.23"]
[Round "8"]
[White "Tarlev, Konstantin"]
[Black "Molina, Fabrizio"]
[Result "1-0"]
[WhiteElo "2552"]
[BlackElo "2212"]
[PlyCount "111"]
[EventDate "2018.06.16"]

1. Nf3 Nf6 2. g3 d5 3. Bg2 Bf5 4. c4 c6 5. cxd5 cxd5 6. Qb3 Qb6 7. Qxb6 axb6 8.
d3 Nc6 9. Nc3 e6 10. Nh4 Nd4 11. Rb1 Bg4 12. h3 Bh5 13. g4 Bg6 14. Nxg6 hxg6
15. e3 Nc6 16. a3 Be7 17. b4 O-O 18. Ke2 Rfc8 19. Rb3 Ne8 20. Bd2 Nd6 21. Rc1
Kh7 22. Kd1 Ne5 23. Ne2 Rxc1+ 24. Bxc1 Nb5 25. Nc3 Nd6 26. Ke2 Rc8 27. Bd2 Ra8
28. Bf1 f5 29. Bg2 Nc6 30. Kd1 Rf8 31. gxf5 gxf5 32. Na4 Bd8 33. b5 Na7 34. Nc3
Bh4 35. Ke1 Rf6 36. a4 Nac8 37. Ne2 f4 38. exf4 Nf5 39. Bf3 Rf8 40. Bg4 Nce7
41. Bb4 Ra8 42. Ra3 Kg6 43. Kf1 Kf7 44. Bd2 Bf6 45. Be3 d4 46. Bd2 Nd5 47. Bf3
Nfe7 48. Be4 Rh8 49. a5 bxa5 50. Rxa5 Rd8 51. Ra7 Rd7 52. Ba5 Nc3 53. Bc6 Rd6
54. Rxb7 Ncd5 55. Ng3 Kg6 56. Be8+ 1-0

[Event "4th Int. Chess Festival ad Gredine Open "]
[Site "Ortisei - St. Ulrich"]
[Date "2018.06.23"]
[Round "8"]
[White "Pruijssers, Roeland"]
[Black "Kveinys, Aloyzas"]
[Result "1-0"]
[WhiteElo "2514"]
[BlackElo "2519"]
[PlyCount "107"]
[EventDate "2018.06.16"]

1. e4 e5 2. Bc4 Nf6 3. d3 c6 4. Nf3 Be7 5. O-O d6 6. c3 O-O 7. Re1 b5 8. Bb3 a6
9. Nbd2 Nbd7 10. Nf1 Nc5 11. Bc2 Re8 12. d4 Ncd7 13. Ng3 g6 14. h3 Bf8 15. Bg5
h6 16. Be3 Bb7 17. Qd2 Kh7 18. b3 exd4 19. cxd4 c5 20. d5 Bg7 21. Rac1 b4 22.
Bd3 Nb6 23. Qc2 Nfd7 24. h4 Ne5 25. Nxe5 Bxe5 26. h5 Qh4 27. Rf1 g5 28. Qd2 Rg8
29. Rfe1 Bc8 30. Be2 Nd7 31. Nf1 Nf6 32. Qd1 g4 33. g3 Qxh5 34. Bf4 Bd7 35.
Bxe5 Qxe5 36. Ne3 Rg5 37. Nc4 Qe7 38. Bd3 Kg8 39. e5 dxe5 40. d6 Qe8 41. Nb6
Rb8 42. Nxd7 Nxd7 43. Bxa6 Rb6 44. Qd3 Qb8 45. Rcd1 Kg7 46. Bc4 Qd8 47. Qd5 Qf6
48. Qa8 Rb8 49. Qc6 Rd8 50. Qc7 Rf5 51. Rd2 e4 52. Rxe4 Ne5 53. Be2 Rd7 54.
Rxe5 1-0

[Event "4th Int. Chess Festival ad Gredine Open "]
[Site "Ortisei - St. Ulrich"]
[Date "2018.06.23"]
[Round "8"]
[White "Kumar, Nikhil"]
[Black "Sonis, Francesco"]
[Result "0-1"]
[WhiteElo "2286"]
[BlackElo "2448"]
[PlyCount "56"]
[EventDate "2018.06.16"]

1. d4 d5 2. c4 c6 3. Nf3 Nf6 4. Qb3 dxc4 5. Qxc4 Bg4 6. Qb3 Qb6 7. Nbd2 Nbd7 8.
e3 Qxb3 9. Nxb3 e6 10. Be2 a5 11. Bd2 Ne4 12. h3 Bf5 13. Nh4 a4 14. Nc1 Nxd2
15. Kxd2 Bb4+ 16. Kd1 a3 17. Nd3 Bxd3 18. Bxd3 axb2 19. Rb1 Ra3 20. Ke2 Bc3 21.
Bc4 b5 22. Bb3 c5 23. Kd3 b4 24. Nf3 Ke7 25. Rhd1 Rc8 26. Nd2 Bxd2 27. Kxd2 c4
28. Bc2 Rxa2 0-1

[Event "4th Int. Chess Festival ad Gredine Open "]
[Site "Ortisei - St. Ulrich"]
[Date "2018.06.23"]
[Round "8"]
[White "Thiel, Thomas"]
[Black "Kindermann, Stefan"]
[Result "0-1"]
[WhiteElo "2261"]
[BlackElo "2506"]
[PlyCount "68"]
[EventDate "2018.06.16"]

1. e4 e6 2. d4 d5 3. Nc3 Nf6 4. Bg5 Bb4 5. e5 h6 6. Bd2 Bxc3 7. bxc3 Ne4 8. Qg4
Kf8 9. Bd3 Nxd2 10. Kxd2 c5 11. h4 c4 12. Bf1 Nc6 13. Rh3 b5 14. Ne2 Bd7 15.
Nf4 Ne7 16. Rf3 Nf5 17. Qh3 b4 18. Ke1 bxc3 19. Rd1 Kg8 20. h5 Rb8 21. Rxc3 Qa5
22. g4 Ne7 23. Bg2 Rb2 24. Kf1 Rxa2 25. Kg1 Ra1 26. Rxa1 Qxa1+ 27. Kh2 Qd1 28.
Qe3 Qxg4 29. Bh3 Qh4 30. Ra3 Nc6 31. Kg1 Qe7 32. Ra1 Kh7 33. Kh2 a5 34. Rg1 Rg8
0-1

[Event "4th Int. Chess Festival ad Gredine Open "]
[Site "Ortisei - St. Ulrich"]
[Date "2018.06.23"]
[Round "8"]
[White "Sarkar, Justin"]
[Black "Jaracz, Pawel"]
[Result "1-0"]
[WhiteElo "2297"]
[BlackElo "2467"]
[PlyCount "99"]
[EventDate "2018.06.16"]

1. e4 c5 2. Nf3 d6 3. d4 cxd4 4. Nxd4 Nf6 5. Nc3 a6 6. g3 e6 7. Bg2 Bd7 8. O-O
Nc6 9. Re1 Be7 10. Nxc6 Bxc6 11. e5 dxe5 12. Bxc6+ bxc6 13. Qxd8+ Rxd8 14. Rxe5
Nd5 15. Na4 Nb4 16. Re2 Rd1+ 17. Kg2 O-O 18. Nc3 Rd7 19. a3 Nd5 20. Na4 Rb8 21.
c4 Nb6 22. Bf4 Rbb7 23. Nxb6 Rxb6 24. b4 Rbb7 25. Rd2 Rxd2 26. Bxd2 Rd7 27. Ra2
Rd4 28. Rc2 Rd3 29. a4 f6 30. b5 axb5 31. cxb5 cxb5 32. a5 Bc5 33. a6 Bb6 34.
Ba5 Bd4 35. Rd2 Ra3 36. Bb4 Rxa6 37. Rxd4 Ra4 38. Bc5 Rxd4 39. Bxd4 e5 40. Bc3
Kf7 41. Kf3 Ke6 42. Ke4 f5+ 43. Kd3 g5 44. g4 fxg4 45. Ke4 h5 46. Bb4 Kf6 47.
Ba5 h4 48. Bd2 Ke6 49. Bxg5 b4 50. Bxh4 1-0

[Event "4th Int. Chess Festival ad Gredine Open "]
[Site "Ortisei - St. Ulrich"]
[Date "2018.06.23"]
[Round "8"]
[White "Landi, Alberto"]
[Black "Gholami, Aryan"]
[Result "0-1"]
[WhiteElo "2198"]
[BlackElo "2490"]
[PlyCount "50"]
[EventDate "2018.06.16"]

1. e4 c5 2. c3 Nf6 3. e5 Nd5 4. d4 cxd4 5. Nf3 e6 6. cxd4 d6 7. Bc4 Nb6 8. Bd3
dxe5 9. dxe5 Na6 10. Qe2 Nc5 11. Bc2 Nd5 12. O-O Be7 13. Rd1 Bd7 14. Rd4 Qb6
15. Na3 Qa6 16. Qd1 h6 17. Nc4 Bb5 18. Ne3 Be2 19. Nxd5 exd5 20. Qe1 Rd8 21.
Nd2 O-O 22. Nb3 Ne6 23. Rd2 Bc4 24. Rd1 d4 25. Na5 Be2 0-1

[Event "4th Int. Chess Festival ad Gredine Open "]
[Site "Ortisei - St. Ulrich"]
[Date "2018.06.23"]
[Round "8"]
[White "Seyb, Dieter"]
[Black "Tan, Justin"]
[Result "0-1"]
[WhiteElo "2179"]
[BlackElo "2484"]
[PlyCount "64"]
[EventDate "2018.06.16"]

1. e4 d5 2. exd5 Qxd5 3. Nc3 Qd6 4. d4 Nf6 5. Nf3 c6 6. Ne5 Be6 7. Bc4 Bxc4 8.
Nxc4 Qc7 9. Qf3 Qd8 10. Be3 e6 11. O-O-O Nbd7 12. Bf4 Nb6 13. Na5 Qd7 14. Nb3
Nbd5 15. Be5 Nxc3 16. Qxc3 Qd5 17. Qa5 Nd7 18. Qc7 Be7 19. Qxb7 O-O 20. Bg3 a5
21. Kb1 a4 22. Nc5 Nxc5 23. dxc5 Qxc5 24. Rd7 Rfe8 25. a3 e5 26. Ka1 Rab8 27.
Qa7 Qb5 28. Rb1 Bxa3 29. b3 Ra8 30. Qb7 axb3 31. Rxb3 Qf1+ 32. Rb1 Bc1+ 0-1

[Event "4th Int. Chess Festival ad Gredine Open "]
[Site "Ortisei - St. Ulrich"]
[Date "2018.06.23"]
[Round "8"]
[White "Bertagnolli, Alexander"]
[Black "Zucchelli, Massimo"]
[Result "0-1"]
[WhiteElo "2398"]
[BlackElo "2089"]
[PlyCount "80"]
[EventDate "2018.06.16"]

1. d4 d5 2. Bg5 c6 3. e3 Bf5 4. Bd3 Bxd3 5. cxd3 Qb6 6. Ne2 Nd7 7. Nbc3 e6 8.
O-O Be7 9. Na4 Qd8 10. Bxe7 Nxe7 11. Qb3 b6 12. Rac1 O-O 13. f4 Rc8 14. Qa3 Nf6
15. h3 Nf5 16. g4 Nd6 17. Rc2 Nfe8 18. Kg2 Nb5 19. Qb4 Ned6 20. Ng1 f6 21. Nf3
Re8 22. Rfc1 Qd7 23. Qe1 Nf7 24. Qg3 Kh8 25. h4 Nbd6 26. b3 Re7 27. h5 Qe8 28.
h6 Nxh6 29. Rh1 Qg6 30. Rh4 Qxd3 31. Rd2 Qxe3 32. Qh2 Ne4 33. Rc2 Kg8 34. g5
fxg5 35. fxg5 Nxg5 36. Rf4 Nxf3 37. Rxf3 Qe4 38. Rcf2 Rf7 39. Qd6 Rxf3 40. Rxf3
Nf5 0-1

[Event "4th Int. Chess Festival ad Gredine Open "]
[Site "Ortisei - St. Ulrich"]
[Date "2018.06.23"]
[Round "8"]
[White "Volkov, Dmitriy"]
[Black "Solomon, Kenny"]
[Result "1/2-1/2"]
[WhiteElo "2334"]
[BlackElo "2419"]
[PlyCount "157"]
[EventDate "2018.06.16"]

1. e4 c5 2. Nf3 d6 3. d4 cxd4 4. Nxd4 Nf6 5. Nc3 a6 6. h3 e6 7. g4 Be7 8. g5
Nfd7 9. h4 b5 10. Be3 Bb7 11. a3 Nc6 12. Nxc6 Bxc6 13. Qd4 O-O 14. O-O-O Rb8
15. f4 a5 16. h5 b4 17. h6 gxh6 18. Nd5 bxa3 19. bxa3 e5 20. Qd2 Bxd5 21. exd5
exf4 22. Bxf4 Qb6 23. Qd3 Ne5 24. Qe4 Rfc8 25. Bd3 Qb2+ 26. Kd2 Qc3+ 27. Ke2
Nxd3 28. cxd3 Re8 29. Bd2 Qc8 30. Kf3 Bxg5 31. Qg4 Qc2 32. Bxg5 Qe2+ 33. Kg3
Qxg4+ 34. Kxg4 hxg5 35. Kxg5 Rb2 36. Rde1 Rg2+ 37. Kf4 Rf2+ 38. Kg4 h5+ 39.
Kxh5 Ree2 40. Kg5 Rg2+ 41. Kf4 Rgf2+ 42. Kg4 Rg2+ 43. Kf4 Ref2+ 44. Ke4 Rg4+
45. Ke3 Rf5 46. Reg1 Re5+ 47. Kd2 Rxg1 48. Rxg1+ Kf8 49. Rb1 Rxd5 50. Rb7 Kg7
51. Ke3 Re5+ 52. Kd4 Kf6 53. Ra7 Ke6 54. Ra8 Rd5+ 55. Ke4 f5+ 56. Ke3 Kd7 57.
d4 Rb5 58. a4 Rb3+ 59. Kf4 Rb4 60. Rxa5 Rxd4+ 61. Kxf5 Kc6 62. Ra8 Kb7 63. Rd8
Kc6 64. a5 Ra4 65. Ra8 Kd5 66. a6 Ra1 67. a7 Rf1+ 68. Kg6 Ra1 69. Kf5 Rf1+ 70.
Kg6 Rg1+ 71. Kf6 Rf1+ 72. Kg6 Ra1 73. Kf5 Ra4 74. Kg5 Ra3 75. Kf4 Ra4+ 76. Kf5
Ra2 77. Kf4 Ra3 78. Kf5 Ra4 79. Kf6 1/2-1/2

[Event "4th Int. Chess Festival ad Gredine Open "]
[Site "Ortisei - St. Ulrich"]
[Date "2018.06.23"]
[Round "8"]
[White "Colombo, Roberto"]
[Black "Johnsen, Gunnar"]
[Result "1/2-1/2"]
[WhiteElo "2125"]
[BlackElo "2188"]
[PlyCount "47"]
[EventDate "2018.06.16"]

1. e4 d6 2. d4 Nf6 3. Nc3 g6 4. Bg5 c6 5. Qd2 Nbd7 6. f3 b5 7. O-O-O Bg7 8. h4
Rb8 9. Kb1 Nb6 10. b3 Qc7 11. Bh6 Bxh6 12. Qxh6 b4 13. Nce2 c5 14. dxc5 dxc5
15. Qf4 Qxf4 16. Nxf4 e5 17. Nd3 Nbd7 18. Nb2 Nb6 19. Nc4 Nxc4 20. Bxc4 h5 21.
Ne2 Ke7 22. Rd2 Rb7 23. Rhd1 Rd7 24. c3 1/2-1/2

[Event "4th Int. Chess Festival ad Gredine Open "]
[Site "Ortisei - St. Ulrich"]
[Date "2018.06.23"]
[Round "8"]
[White "Marentini, Marcel"]
[Black "Arne, Mike"]
[Result "1/2-1/2"]
[WhiteElo "2005"]
[BlackElo "2181"]
[PlyCount "41"]
[EventDate "2018.06.16"]

1. Nf3 d5 2. g3 Bg4 3. Bg2 c6 4. c4 e6 5. Qc2 Nf6 6. b3 Bd6 7. Bb2 Nbd7 8. O-O
O-O 9. d4 Bf5 10. Qd1 Bxb1 11. Qxb1 Ne4 12. Qc2 f5 13. Ne5 Qc7 14. Nxd7 Qxd7
15. f3 Nf6 16. e4 Be7 17. e5 Nh5 18. Qe2 g6 19. f4 Kf7 20. Bf3 Ng7 21. Qd2
1/2-1/2

[Event "4th Int. Chess Festival ad Gredine Open "]
[Site "Ortisei - St. Ulrich"]
[Date "2018.06.23"]
[Round "8"]
[White "Mlahleki, Vusimuzi"]
[Black "Uhl, Michael"]
[Result "0-1"]
[WhiteElo "1918"]
[BlackElo "2116"]
[PlyCount "118"]
[EventDate "2018.06.16"]

1. e4 e5 2. Nf3 Nf6 3. Nxe5 d6 4. Nf3 Nxe4 5. d4 d5 6. Bd3 Nc6 7. O-O Be7 8.
Re1 Bg4 9. c4 Nf6 10. cxd5 Bxf3 11. Qxf3 Qxd5 12. Qxd5 Nxd5 13. Bb5 O-O-O 14.
Bxc6 bxc6 15. Nc3 Bf6 16. Re4 c5 17. Be3 Nxe3 18. fxe3 cxd4 19. exd4 Bxd4+ 20.
Kf1 Rhe8 21. Rf4 Bxc3 22. bxc3 f6 23. Ra4 Rd2 24. Rxa7 Ree2 25. Rb1 Rf2+ 26.
Ke1 Rde2+ 27. Kd1 Rxa2 28. Rxa2 Rxa2 29. Rb4 Rxg2 30. Rh4 h6 31. Ke1 Rc2 32.
Rh3 Rg2 33. Kf1 Rg5 34. Ke2 Kd7 35. Kd3 Kd6 36. Kc4 Kc6 37. Rh4 f5 38. h3 Rg6
39. Kd4 Kd6 40. Rf4 Rf6 41. h4 g5 42. hxg5 hxg5 43. Rf1 g4 44. Ke3 Ke5 45. Ra1
Rc6 46. Ra5+ Kf6 47. Kd4 g3 48. Ra3 Rd6+ 49. Ke3 Kg5 50. Ra8 f4+ 51. Ke2 Re6+
52. Kf1 Kg4 53. Ra3 Re3 54. Rb3 Kh3 55. Rb8 Kg4 56. Rb7 Kf3 57. Rb2 g2+ 58.
Rxg2 Re1+ 59. Kxe1 Kxg2 0-1

[Event "4th Int. Chess Festival ad Gredine Open "]
[Site "Ortisei - St. Ulrich"]
[Date "2018.06.23"]
[Round "8"]
[White "Niederstaetter, Harald"]
[Black "Van Geldorp, Marc"]
[Result "1-0"]
[WhiteElo "1996"]
[BlackElo "1973"]
[PlyCount "41"]
[EventDate "2018.06.16"]

1. d4 d5 2. Nf3 Nf6 3. e3 e6 4. Bd3 c5 5. c3 Nc6 6. Nbd2 Bd6 7. O-O O-O 8. dxc5
Bxc5 9. e4 Qc7 10. Qe2 Bd6 11. Re1 dxe4 12. Nxe4 Nxe4 13. Qxe4 f5 14. Qh4 Be7
15. Bg5 h6 16. Bxe7 Qxe7 17. Qxe7 Nxe7 18. Bc4 Nd5 19. Rad1 Rd8 20. Nd4 Rd6 21.
Nxf5 1-0